Finanční nástroje podpory vědy, výzkumu a vývoje
Verejná podpora. Priama podpora výskumu a vývoja z verejných prostriedkov. Financovanie výskumu a vývoja. Nepriama podpora vedy a výskumu - daňové nástroje.
Salvato in:
| Autore principale: | |
|---|---|
| Natura: | Capitolo di libro |
| Lingua: | ceco |
| Soggetti: | |
| Tags: |
Nessun Tag, puoi essere il primo ad aggiungerne!!
|
MARC
| LEADER | 00000naa$a2200000$$$4500 | ||
|---|---|---|---|
| 001 | 0060834 | ||
| 005 | 20221207085215.8 | ||
| 041 | 0 | |a cze | |
| 044 | |a CZ | ||
| 245 | 1 | 0 | |a Finanční nástroje podpory vědy, výzkumu a vývoje |c Hana Marková |
| 520 | |a Verejná podpora. Priama podpora výskumu a vývoja z verejných prostriedkov. Financovanie výskumu a vývoja. Nepriama podpora vedy a výskumu - daňové nástroje. | ||
| 610 | 2 | 0 | |a výskum |
| 610 | 2 | 0 | |a rozpočet štátny |
| 610 | 2 | 0 | |a financovanie výskumu |
| 610 | 2 | 0 | |a nástroje finančné |
| 610 | 2 | 0 | |a dane |
| 100 | 1 | |a Marková, Hana | |